000 00216 a2200097 4500
001 18907
100 _aPhillips E G
245 _aFunctions of a complex variables
260 _a
_bOliver
_c1943
090 _c13996
_d13996
942 _aNUST-CAE
_cM
_c4442
999 _c253980
_d253980